MARC

LEADER 00000nam0a2200000 4500
001 227746
005 20231101230824.0
010 |a 5120016375 
020 |a RU  |b 90-22873 
035 |a (RuTPU)RU\TPU\book\248184 
090 |a 227746 
100 |a 19950417d1990 k y0rusy5003 ca 
101 0 |a rus 
102 |a UA 
105 |a a z 001zy 
200 1 |a Формирование отливок из алюминиевых сплавов  |f Ф. М. Котлярский  |g Академия наук Украинской ССР (АН УССР), Институт проблем литья 
210 |a Киев  |c Наукова думка  |d 1990 
215 |a 214,[2] с.  |c ил.  |d 22 см 
320 |a Библиогр.: с. 197-213 (410 назв.). 
320 |a Предм. указ.: с. 214-215. 
606 1 |a Литье выжиманием  |x Теплообмен  |2 stltpush  |3 (RuTPU)RU\TPU\subj\40470  |9 60317 
606 1 |a Алюминиевое литье  |2 stltpush  |3 (RuTPU)RU\TPU\subj\1865  |9 30530 
610 1 |a фильтрационное питание 
610 1 |a затвердевание 
610 1 |a дефекты 
610 1 |a отливки 
610 1 |a зазоры 
675 |a 621.746.6  |v 3 
700 1 |a Котлярский  |b Ф. М.  |g Франко Марьянович  |4 070 
712 0 2 |a Академия наук Украинской ССР (АН УССР)  |b Институт проблем литья  |2 stltpush  |3 (RuTPU)RU\TPU\col\11734 
801 1 |a RU  |b 63413507  |c 20121210 
801 2 |a RU  |b 63413507  |c 20130214  |g RCR 
942 |c BK